My Top 50 Favorite Cities in the World - Statistics

General Stats
  • This quiz has been taken 25 times
  • The average score is 15 of 50
Answer Stats
Answer Population % Correct
Tokyo 36 Million
91%
Ho Chi Minh 10 Million
82%
Mumbai 24 Million
73%
Shanghai 28 Million
73%
Seoul 11 Million
68%
Delhi 31 Million
64%
Osaka 17 Million
64%
Manila 17 Million
59%
Milan 7.8 Million
59%
Cairo 23 Million
55%
Hanoi 6.9 Million
55%
Jakarta 17 Million
55%
Kolkata 18 Million
55%
Karachi 21 Million
45%
Mexico City 26 Million
45%
Bangalore 13 Million
41%
Buenos Aires 14 Million
41%
Chennai 13 Million
41%
Dhaka 18 Million
36%
Kuala Lumpur 8.4 Million
32%
Lagos 20 Million
32%
Algiers 7.7 Million
27%
Baghdad 8.9 Million
27%
Guangzhou 21 Million
27%
Amsterdam 2.1 Million
23%
Dar Es Salaam 8.2 Million
23%
Prague 2.3 Million
23%
Ahmedabad 9.7 Million
18%
Khartoum 5.4 Million
18%
Surabaya 4 Million
18%
Zurich 1 Million
18%
Abidjan 8.4 Million
14%
Frankfurt 1 Million
14%
Cebu 1.7 Million
9%
Chongqing 20 Million
9%
Hamburg 2.3 Million
9%
Kano 7.5 Million
9%
Bandung 3.8 Million
5%
Basra 2.6 Million
5%
Cochin 1.2 Million
5%
Davao 2.3 Million
5%
Erbil 1.3 Million
5%
Gaziantep 1.8 Million
5%
Ibadan 4.7 Million
5%
Marseille 1.5 Million
5%
Port Harcourt 2.3 Million
5%
Kirkuk 1 Million
0%
Mosul 4.5 Million
0%
Niamey 2.4 Million
0%
Yogyakarta 1.5 Million
0%
No matching quizzes found
Score Distribution
Percent of People with Each Score
Percentile by Number Answered
Your Score History
You have not taken this quiz